| 000 | 00472nam a2200181Ia 4500 | ||
|---|---|---|---|
| 005 | 20250326142803.0 | ||
| 008 | 250326s9999 xx 000 0 und d | ||
| 037 | _aTextbook | ||
| 040 |
_aFMSL _beng _cFMSL |
||
| 041 |
_aeng _2eng |
||
| 084 | _qFMSL | ||
| 100 |
_aMoore F G _9345747 |
||
| 245 | 0 |
_aProduction/Operations Management _cMoore F G; Hendric T E |
|
| 260 |
_aB.B _bB.B, Taraporevala _c1982 |
||
| 300 | _a783p | ||
| 942 | _cTB | ||
| 999 |
_c1296623 _d1296623 |
||